Statistics for Top 20 Csgo players of 2018

Click here to take the quiz!

General Stats

  • This quiz has been taken 214 times
  • The average score is 13 of 20

Answer Stats

Placement Answer % Correct
1sts1mple
99%
2nddevice
96%
3rdNiKo
90%
5thdupreeh
84%
10thcoldzera
82%
7thMagisk
82%
13thXyp9x
81%
8thgla1ve
77%
11thGuardian
76%
4thelectronic
69%
15thEliGE
65%
18thrain
65%
12thTwistzz
61%
6thNAF
60%
19thropz
57%
9thKRIMZ
51%
17thautimatic
43%
20thvalde
35%
16thsuNny
32%
14thoscar
18%

Score Distribution

Percentile by Number Answered

Percent of People with Each Score

Your Score History

You have not taken this quiz